000 00451cam a2200181ua 4500
020 _c750.00
041 _aeng
_h
082 _a631.8
_bRUS/HA
100 _aRussell, E J .
245 _aHand book on soils and manures /
_cE J Ressell.
_hTextual Documents
250 _a /
_b.
260 _aNewdelhi :
_bDiscovery publishing house ,
_c2006.
300 _a296 ; .
365 _a750.00
504 _a
942 _cBK
999 _c13314
_d13314